History Quiz

Random History or Famous Quiz

FAMOUS 18TH CENTURY PEOPLE BY PHOTO Quiz Stats

 Plays Quiz not verified by Sporcle

Challenge
Share
Tweet
Score 0/20 Timer 10:00
0 Plays Today
% Correct
Catherine the Great
94.9%
George Washington
94.9%
Wolfgang Amadeus Mozart
94.9%
Marie Antoinette
92.3%
Benjamin Franklin
87.2%
Johann Sebastian Bach
84.6%
Louis XIV
84.6%
Adam Smith
82.1%
Daniel Defoe
76.9%
Voltaire
74.4%
% Correct
Johann Wolfgang von Goethe
71.8%
Blackbeard
66.7%
George III
66.7%
James Watt
56.4%
Francisco Goya
53.8%
Frederick II
53.8%
Jean-Jacques Rousseau
53.8%
Maria Theresa
46.2%
Antoine Lavoisier
46.2%
Jacques-Louis David
33.3%

You're not logged in!

Compare scores with friends on all Sporcle quizzes.
OR
Log In

You Might Also Like...

Show Comments

Extras

Top Quizzes Today


Score Distribution

Your Account Isn't Verified!

In order to create a playlist on Sporcle, you need to verify the email address you used during registration. Go to your Sporcle Settings to finish the process.

Report this User

Report this user for behavior that violates our Community Guidelines.

Details: